Les danses de salon - Statistiques

Statistiques générales
  • Ce quiz a été pris 249 fois
  • Le résultat moyen est 10 sur 34
Statistiques - réponses
Initiale Danse % Correct
T Tango
85%
S Samba
76%
CCC Cha-cha-cha
72%
R Rumba
68%
J Jive
67%
F Foxtrot
59%
Q Quickstep
57%
B Bachata
55%
PD Paso doble
54%
VV Valse Viennoise
48%
M Mambo
41%
C Charleston
39%
R Rock
39%
B Boléro
25%
BW Boogie-Woogie
25%
VA Valse Anglaise
25%
L Lambada
21%
J Java
20%
M Madison
20%
LH Lindy Hop
14%
M Merengue
14%
p Polka
14%
G Gigue
12%
Q Quadrille
10%
OS One-step
9%
M Marche
7%
M Mazurka
7%
G Gavotte
4%
B Boston
3%
S Scottish
3%
B Badoise
2%
B Berline
2%
L Landaise
2%
O Ostendaise
2%
Aucun quiz correspondant
Distribution des résultats
% des personnes avec chaque résultat
Percentile par nombre de réponses
Votre historique - résultats
Vous n’avez pas pris ce quiz